[Event "Panevezys op-A"]
[Site "Panevezys"]
[Date "2019.06.26"]
[Round "5"]
[White "Golsta, Ramona"]
[Black "Strods, Kristaps Reinis"]
[Result "0-1"]
[WhiteElo "1836"]
[BlackElo "1598"]
[PlyCount "36"]
[EventDate "2019.06.24"]
[EventType "swiss"]
[EventRounds "9"]
[EventCountry "LTU"]
[SourceTitle "CBM 191 Extra"]
[Source "ChessBase"]
[SourceDate "2019.09.30"]
[SourceVersion "1"]
[SourceVersionDate "2019.09.30"]
[SourceQuality "1"]

1. d4 d5 2. Nc3 Nf6 3. Bg5 c5 4. dxc5 d4 5. Bxf6 gxf6 6. Na4 Qa5+ 7. c3 Bd7 8. Qxd4 Qxa4 9. Qd5 Bc6 10. Qf5 Nd7 11. e3 0-0-0 12. b4 Qa3 13. Qc2 Ne5 14. b5 Be4 15. Qb3 Nd3+ 16. Bxd3 Qxb3 17. axb3 Bxg2 18. Rxa7 Kb8 0-1

[Event "Panevezys op-A"]
[Site "Panevezys"]
[Date "2019.06.24"]
[Round "1"]
[White "Vambute, Dana"]
[Black "Strods, Kristaps Reinis"]
[Result "1-0"]
[WhiteElo "1871"]
[BlackElo "1598"]
[PlyCount "63"]
[EventDate "2019.06.24"]
[EventType "swiss"]
[EventRounds "9"]
[EventCountry "LTU"]
[SourceTitle "CBM 191 Extra"]
[Source "ChessBase"]
[SourceDate "2019.09.30"]
[SourceVersion "1"]
[SourceVersionDate "2019.09.30"]
[SourceQuality "1"]

1. d4 d5 2. Bf4 Nf6 3. e3 c5 4. Nf3 e6 5. Nbd2 Nc6 6. c3 cxd4 7. exd4 Be7 8. Bd3 Nh5 9. Bg3 0-0 10. Ne5 g6 11. Ndf3 Nxe5 12. Nxe5 Qe8 13. f4 f6 14. Nf3 Bd6 15. Qd2 Bd7 16. 0-0 Nxg3 17. hxg3 Qf7 18. Rae1 Qg7 19. Bc2 Rae8 20. Re3 Rf7 21. Rfe1 Rfe7 22. Bb3 Kh8 23. Qf2 Bc6 24. a3 b6 25. R1e2 e5 26. fxe5 fxe5 27. Nxe5 Rxe5 28. Rxe5 Rf8 29. Qe3 Rf5 30. Rxf5 gxf5 31. Qe6 Qxg3 32. Qf6+ 1-0